[Event "BCF-chT3S 1314 (4NCL)"]
[Site "England"]
[Date "2014.02.16"]
[Round "6.215"]
[White "Ireland, David J"]
[Black "Makepeace, Philip"]
[Result "0-1"]
[WhiteElo "1907"]
[BlackElo "2094"]
[PlyCount "110"]
[EventDate "2013.11.16"]
[EventType "team-swiss"]
[EventRounds "6"]
[EventCountry "ENG"]
[SourceTitle "EXT 2015"]
[Source "ChessBase"]
[SourceDate "2014.11.20"]
[SourceVersion "1"]
[SourceVersionDate "2014.11.20"]
[SourceQuality "1"]
[WhiteTeam "Throw in the Tal"]
[BlackTeam "Bucks Juniors"]
[WhiteTeamCountry "ENG"]
[BlackTeamCountry "ENG"]

1. e4 c6 2. d4 d5 3. exd5 cxd5 4. Bf4 Nc6 5. Nf3 Bg4 6. c3 Bxf3 7. Qxf3 e6 8. Nd2 Bd6 9. Bd3 Bxf4 10. Qxf4 Nf6 11. 0-0 0-0 12. Rfe1 Qb8 13. Qg3 Qxg3 14. hxg3 g6 15. Bb5 Kg7 16. Bxc6 bxc6 17. b4 h5 18. f3 Rh8 19. Kf2 h4 20. g4 g5 21. Nb3 Nd7 22. Na5 Rac8 23. Rac1 Rhe8 24. Nb7 Rb8 25. Na5 Rec8 26. g3 hxg3+ 27. Kxg3 Nf8 28. f4 gxf4+ 29. Kxf4 Ng6+ 30. Kg3 Rc7 31. Rc2 Re8 32. Rce2 Ne7 33. Rh2 Rh8 34. Rxh8 Kxh8 35. Kf4 Kg7 36. Ke5 Rd7 37. Kf4 Kg6 38. Rh1 Rc7 39. Ke5 Nc8 40. Rh8 f6+ 41. Kf4 Nd6 42. a4 e5+ 43. dxe5 fxe5+ 44. Ke3 Ne4 45. c4 Nf6 46. Kf3 Kg5 47. Rd8 d4 48. c5 e4+ 49. Ke2 d3+ 50. Ke3 Nd5+ 51. Kd2 Rh7 52. Nxc6 Rh2+ 53. Kc1 Rc2+ 54. Kd1 Ne3+ 55. Ke1 Re2# 0-1

[Event "British Universities-ch"]
[Site "High Wycombe"]
[Date "2012.02.25"]
[Round "5"]
[White "Siddharth, Gopakumar"]
[Black "Makepeace, Philip"]
[Result "1-0"]
[WhiteElo "2054"]
[BlackElo "2086"]
[PlyCount "107"]
[EventDate "2012.02.25"]
[EventType "team-swiss"]
[EventRounds "5"]
[EventCountry "ENG"]
[SourceTitle "CBM 147 Extra"]
[Source "ChessBase"]
[SourceDate "2012.04.24"]
[SourceVersion "1"]
[SourceVersionDate "2012.04.24"]
[SourceQuality "1"]
[WhiteTeam "LSE"]
[BlackTeam "UCL"]
[WhiteTeamCountry "ENG"]
[BlackTeamCountry "ENG"]

1. e4 c6 2. d4 d5 3. exd5 cxd5 4. Nf3 Nf6 5. Bf4 Nc6 6. Bd3 Bg4 7. c3 Qb6 8. b3 g6 9. Nbd2 Bg7 10. h3 Bxf3 11. Nxf3 0-0 12. 0-0 Rac8 13. Rc1 Nh5 14. Bh2 Bh6 15. Rc2 Bf4 16. Bxf4 Nxf4 17. Re1 Nxd3 18. Qxd3 Qc7 19. Rec1 Rfe8 20. Qb5 Rcd8 21. Ne5 f6 22. Nxc6 bxc6 23. Qc5 e5 24. c4 Qd7 25. cxd5 cxd5 26. Qa5 Qf7 27. Rc7 Re7 28. Qxa7 Rdd7 29. Rxd7 Rxd7 30. Qb8+ Kg7 31. dxe5 d4 32. exf6+ Qxf6 33. Rc7 Qe7 34. Rxd7 Qxd7 35. Qe5+ Kf7 36. Kf1 Qa7 37. Qd5+ Kf8 38. a4 Qb6 39. a5 Qa6+ 40. Ke1 Ke7 41. Qc5+ Ke8 42. Qe5+ Kf7 43. Kd2 Qb7 44. Qxd4 Qxb3 45. Qf4+ Kg8 46. Qe5 Qb4+ 47. Qc3 Qf4+ 48. Ke2 Qh2 49. Qc8+ Kf7 50. Qb7+ Kf6 51. g3 Qxh3 52. a6 Qe6+ 53. Kf1 Qh3+ 54. Kg1 1-0

[Event "Dublin City"]
[Site "Dublin"]
[Date "2011.08.29"]
[Round "8"]
[White "Makepeace, Philip"]
[Black "Delaney, John Anthony"]
[Result "0-1"]
[WhiteElo "2104"]
[BlackElo "2224"]
[PlyCount "117"]
[EventDate "2011.08.26"]
[EventType "tourn"]
[EventRounds "9"]
[EventCountry "IRL"]
[EventCategory "2"]
[SourceTitle "CBM 144 Extra"]
[Source "ChessBase"]
[SourceDate "2011.10.28"]
[SourceVersion "1"]
[SourceVersionDate "2011.10.28"]
[SourceQuality "1"]

1. e4 c5 2. Nf3 d6 3. Bb5+ Bd7 4. Bxd7+ Qxd7 5. 0-0 Nc6 6. Qe2 e6 7. Rd1 Nf6 8. d4 cxd4 9. Nxd4 Be7 10. Bg5 a6 11. Nxc6 Qxc6 12. Nc3 Qc5 13. Be3 Qc7 14. a4 Nd7 15. Bd4 Bf6 16. Qd2 Ne5 17. Bxe5 Bxe5 18. Ra3 0-0 19. Rb3 Qc6 20. f3 Rac8 21. Qd3 g6 22. g3 Rfd8 23. Kg2 Bxc3 24. bxc3 d5 25. e5 Rd7 26. Qd4 Qc4 27. Qxc4 Rxc4 28. Ra3 Rdc7 29. Rd3 f6 30. exf6 Kf7 31. Kf2 Kxf6 32. Ke2 Ke5 33. Kd2 h5 34. Re3+ Kf5 35. Rd3 h4 36. Rd4 g5 37. Kd3 Ke5 38. Rb3 hxg3 39. hxg3 Kf5 40. Ra3 R7c5 41. a5 e5 42. Rxc4 Rxc4 43. Rb3 g4 44. fxg4+ Rxg4 45. Rxb7 Rxg3+ 46. Kd2 Rg2+ 47. Kd3 e4+ 48. Kd4 Rd2+ 49. Kc5 e3 50. Re7 Kf4 51. c4 d4 52. Kd5 Kf3 53. c5 e2 54. c6 Rxc2 55. Kxd4 Rxc6 56. Kd3 Rd6+ 57. Kc2 Rd1 58. Rf7+ Kg4 59. Rg7+ 0-1

[Event "Dublin City"]
[Site "Dublin"]
[Date "2011.08.29"]
[Round "7"]
[White "Wall, Gavin"]
[Black "Makepeace, Philip"]
[Result "1-0"]
[WhiteElo "2329"]
[BlackElo "2104"]
[PlyCount "95"]
[EventDate "2011.08.26"]
[EventType "tourn"]
[EventRounds "9"]
[EventCountry "IRL"]
[EventCategory "2"]
[SourceTitle "CBM 144 Extra"]
[Source "ChessBase"]
[SourceDate "2011.10.28"]
[SourceVersion "1"]
[SourceVersionDate "2011.10.28"]
[SourceQuality "1"]

1. e4 c6 2. d4 d5 3. f3 e6 4. Nc3 Bb4 5. Bf4 dxe4 6. fxe4 Nf6 7. Qd3 Qa5 8. Nge2 0-0 9. 0-0-0 b6 10. Kb1 Ba6 11. Qf3 Bb7 12. e5 Nd5 13. Ne4 b5 14. N2g3 Qd8 15. Bg5 Be7 16. Bxe7 Qxe7 17. Bd3 f5 18. exf6 Nxf6 19. Nc5 Na6 20. Nxa6 Bxa6 21. Qxc6 Bb7 22. Qxb5 Bxg2 23. Rhg1 Rab8 24. Qa5 Qb7 25. b3 Bf3 26. Rde1 Qd7 27. Qe5 Rb6 28. Ref1 Qd5 29. Qxd5 Nxd5 30. c4 Ne3 31. Re1 Ng4 32. c5 Rb4 33. Bc4 Bd5 34. Nh5 Bxc4 35. Rxg4 Bd3+ 36. Kb2 Bg6 37. Ng3 Rf2+ 38. Re2 Rxe2+ 39. Nxe2 Bh5 40. Re4 Bxe2 41. Kc3 Bf3 42. Re3 Rb7 43. Rxf3 g5 44. Kc4 Rc7 45. Rf6 Kg7 46. Rxe6 Kf7 47. d5 h5 48. Rh6 1-0

[Event "Dublin City"]
[Site "Dublin"]
[Date "2011.08.27"]
[Round "4"]
[White "Makepeace, Philip"]
[Black "Daly, Colm"]
[Result "0-1"]
[WhiteElo "2104"]
[BlackElo "2305"]
[PlyCount "60"]
[EventDate "2011.08.26"]
[EventType "tourn"]
[EventRounds "9"]
[EventCountry "IRL"]
[EventCategory "2"]
[SourceTitle "CBM 144 Extra"]
[Source "ChessBase"]
[SourceDate "2011.10.28"]
[SourceVersion "1"]
[SourceVersionDate "2011.10.28"]
[SourceQuality "1"]

1. e4 c5 2. Nf3 e6 3. d3 Nc6 4. g3 d5 5. Qe2 d4 6. Bg2 e5 7. h3 Be7 8. 0-0 h5 9. Nh2 h4 10. g4 g5 11. Bd2 f6 12. a4 Bd6 13. Na3 Be6 14. Rfb1 Nge7 15. Qe1 Ng6 16. Bf1 Rh7 17. Kh1 Rd7 18. Kg1 Bc7 19. Nb5 Ba5 20. Bxa5 Qxa5 21. Qxa5 Nxa5 22. b3 Nf4 23. Nf3 Ke7 24. Nd2 b6 25. Na3 Rb8 26. Ndc4 Nc6 27. Kh2 a6 28. Rb2 b5 29. axb5 axb5 30. Nd2 Ra7 0-1

[Event "London Big Slick IM 2nd"]
[Site "London"]
[Date "2011.06.30"]
[Round "6"]
[White "Croad, Nicholas"]
[Black "Makepeace, Philip"]
[Result "1-0"]
[WhiteElo "2276"]
[BlackElo "2095"]
[PlyCount "59"]
[EventDate "2011.06.25"]
[EventType "tourn"]
[EventRounds "9"]
[EventCountry "ENG"]
[SourceTitle "CBM 143 Extra"]
[Source "ChessBase"]
[SourceDate "2011.08.29"]
[SourceVersion "1"]
[SourceVersionDate "2011.08.29"]
[SourceQuality "1"]

1. d4 d5 2. c4 e6 3. Nc3 Nf6 4. Bg5 Be7 5. cxd5 Nxd5 6. Bxe7 Qxe7 7. Nf3 Nxc3 8. bxc3 0-0 9. g3 b6 10. Bg2 Bb7 11. Qc2 g6 12. h4 c5 13. h5 cxd4 14. hxg6 fxg6 15. cxd4 Nc6 16. 0-0 Rad8 17. Qb2 Qb4 18. Rfb1 Qxb2 19. Rxb2 Na5 20. Ng5 Bxg2 21. Kxg2 Rfe8 22. Rc2 e5 23. Rc7 h5 24. dxe5 Rd2 25. Ne4 Rxe2 26. Nf6+ Kf8 27. Nh7+ Kg8 28. Nf6+ Kf8 29. Nxe8 Kxe8 30. Rac1 1-0

[Event "London Big Slick IM 2nd"]
[Site "London"]
[Date "2011.06.28"]
[Round "4"]
[White "Eames, Robert"]
[Black "Makepeace, Philip"]
[Result "0-1"]
[WhiteElo "2259"]
[BlackElo "2095"]
[PlyCount "74"]
[EventDate "2011.06.25"]
[EventType "tourn"]
[EventRounds "9"]
[EventCountry "ENG"]
[SourceTitle "CBM 143 Extra"]
[Source "ChessBase"]
[SourceDate "2011.08.29"]
[SourceVersion "1"]
[SourceVersionDate "2011.08.29"]
[SourceQuality "1"]

1. e4 c6 2. d4 d5 3. e5 Bf5 4. h4 h5 5. c4 e6 6. Nc3 dxc4 7. Bxc4 Ne7 8. Nge2 Ng6 9. Bg5 Be7 10. Ng3 Bxg5 11. Nxf5 exf5 12. hxg5 Qxg5 13. Qb3 Qe7 14. 0-0-0 Nf4 15. g4 b5 16. Nxb5 cxb5 17. Bxb5+ Nd7 18. gxf5 a6 19. Ba4 Kf8 20. Qf3 Rc8+ 21. Kb1 Nb6 22. Bb3 Qg5 23. Qe4 g6 24. Qb7 Qxf5+ 25. Ka1 Na8 26. e6 Kg7 27. exf7 Rhf8 28. Rhe1 Rb8 29. Qe7 Rxb3 30. axb3 Rxf7 31. Qc5 Nc7 32. Re7 Qxc5 33. Rxf7+ Kxf7 34. dxc5 Ke6 35. Re1+ Kf5 36. Kb1 h4 37. Kc2 h3 0-1

[Event "BCF-chT2 1011 (4NCL)"]
[Site "England"]
[Date "2011.03.26"]
[Round "7.64"]
[White "Makepeace, Philip"]
[Black "Borman, Philip"]
[Result "1-0"]
[WhiteElo "2088"]
[BlackElo "2216"]
[PlyCount "109"]
[EventDate "2010.11.06"]
[EventType "team-swiss"]
[EventRounds "11"]
[EventCountry "ENG"]
[SourceTitle "EXT 2012"]
[Source "ChessBase"]
[SourceDate "2011.11.24"]
[SourceVersion "1"]
[SourceVersionDate "2011.11.24"]
[SourceQuality "1"]
[WhiteTeam "Sambuca Black Sheep"]
[BlackTeam "Poisoned Pawns"]
[WhiteTeamCountry "ENG"]
[BlackTeamCountry "ENG"]

1. d4 Nf6 2. Nf3 g6 3. g3 Bg7 4. Bg2 0-0 5. 0-0 d6 6. c4 Nbd7 7. Nc3 e5 8. dxe5 Nxe5 9. Nxe5 dxe5 10. Qc2 c6 11. b3 Be6 12. Ba3 Re8 13. Rad1 Qa5 14. Bd6 Bf8 15. b4 Qa3 16. Nb1 Qa6 17. b5 cxb5 18. c5 Rac8 19. Bxf8 Rxf8 20. f4 Nd7 21. c6 Qb6+ 22. Kh1 exf4 23. gxf4 bxc6 24. f5 gxf5 25. Rxf5 Kh8 26. Rxd7 Bxf5 27. Qxf5 c5 28. Qe5+ Kg8 29. Rd6 Qa5 30. Qg5+ Kh8 31. Qf6+ Kg8 32. Rd5 Qe1+ 33. Bf1 Qxb1 34. Rg5+ Qg6 35. h4 Rfd8 36. h5 Qxg5 37. Qxg5+ Kf8 38. Qh6+ Ke7 39. Qxh7 c4 40. Qe4+ Kd6 41. Bh3 Rc5 42. Qf4+ Ke7 43. Qe3+ Kd6 44. h6 Kc6 45. Qf3+ Rcd5 46. Bg2 Kc5 47. Qxd5+ Rxd5 48. Bxd5 Kxd5 49. h7 Kd4 50. h8Q+ Ke3 51. Qb2 a6 52. Kg1 f5 53. Kf1 f4 54. Qc3+ Ke4 55. Kf2 1-0